Наукові записки Національного університету "Острозька академія": Історичні науки (Запис № 349888)

МАРК-запис
000 -Лідер
fixed length control field 01254nam a22002657a 4500
001 - Контрольний номер
control field 63817
003 - Ідентифікатор контрольного номера
control field UA-OsUOA
005 - Дата та час останнього входження (трансакції)
control field 20190718232104.0
007 - Фіксоване поле фізичного опису
fixed length control field ta
008 - Елементи даних фіксованої довжини – загальна інформація
fixed length control field 20091021b un ||||| |||| 00| 0 ukr d
020 ## - Міжнародний стандартний книжковий номер (ISBN)
Міжнародний стандартний книжковий номер (ISBN) (НП) 966-7631-62-1
040 ## - Джерело каталогізації
Агенція оригінальної каталогізації UA-OsUOA
Мова каталогізації ukr
Агенція, яка здійснювала перезапис UA-OsUOA
Агенція, яка здійснювала модифікацію UA-OsUOA
041 ## - Код мови
Код мови тексту/ звукової доріжки чи окремого заголовка (П) ukr
080 ## - Індекс Універсальної десяткової класифікації
Індекс Універсальної десяткової класифікації (УДК) (НП) 94(082)
090 ## - Локальний шифр розміщення
Класифікаційний індекс УДК 94(082)
Авторський знак (НП) Н34
245 ## - Відомості про назву
Назва (НП) Наукові записки Національного університету "Острозька академія": Історичні науки
Дані про відповідальність (НП) Пасічник І.Д.
260 ## - Публікація, розповсюдження і т.п. (Вихідні дані)
Місце публікації, розповсюдження і т.п. (П) Острог
Ім’я/ наймення видавництва, розповсюджувача і т.п. (П) НаУОА
Дата публікації, розповсюдження і т.п. (П) 2003
300 ## - Фізичний опис
Обсяг 336 с.
520 3# - Резюме і т.п.
Резюме, реферат, анотація, тощо (НП) До збірника увійшли статті і повідомлення з актуальних проблем українсько-польських відносин від найдавніших часів до сьогодення. у науковий обіг вводиться чимало невідомих або ж маловживаних джерельних матеріалів.Для викладачів, науковців, студенті
520 3# - Резюме і т.п.
Резюме, реферат, анотація, тощо (НП) в.
650 #7 - Додаткове предметне введення – тематичний термін
Тематичний термін чи географічна назва, як елемент введення (НП) 9 Географія. Біографії. Історія
Джерело заголовка чи терміна UDC
942 ## - Додаткові елементи входу (Коха)
Тип елемента Koha Книги
Source of classification or shelving scheme Universal Decimal Classification
955 ## - Код типу видання за змістом
Код типу видання за змістом (НП) Навчальні видання
Фонди
Стан вилучень Стан втрат Джерело класифікації або схеми стелажів Стан уражень Не для кредиту Постійне місце розташування Поточне розміщення Дата придбання Джерело придбання Вартість, звичайна ціна покупки Інвентарний номер Усього замовленно Повний номер виклику Штрих-код Дата останнього перегляду Ціна ефективна від Тип елемента Koha
    Universal Decimal Classification     ЧЗ - Читальна зала ЧЗ - Читальна зала 21/10/2009 128/2009 15.00 123709   94(082) Н34 123709 06/02/2022 21/10/2009 Книги